Chiến lược quản lý hệ thống khu bảo tồn thiên nhiên Việt Nam dến năm 2010

محفوظ في:
التفاصيل البيبلوغرافية
التنسيق: كتاب
اللغة:Undetermined
منشور في: Hà Nội [knxb] 2003
الموضوعات:
الوسوم: إضافة وسم
لا توجد وسوم, كن أول من يضع وسما على هذه التسجيلة!
Thư viện lưu trữ: Trung tâm Học liệu Trường Đại học Cần Thơ
LEADER 00495nam a2200157Ia 4500
001 CTU_69276
008 210402s9999 xx 000 0 und d
082 |a 363.7 
082 |b C305 
245 0 |a Chiến lược quản lý hệ thống khu bảo tồn thiên nhiên Việt Nam dến năm 2010 
260 |a Hà Nội 
260 |b [knxb] 
260 |c 2003 
650 |a Environmental problem 
904 |i Mai Loan 
980 |a Trung tâm Học liệu Trường Đại học Cần Thơ